Normal view
MARC view
- ادارة الاعمال - التنظيم الاداري
Entry Topical Term
001 - CONTROL NUMBER
- control field: 51980
003 - CONTROL NUMBER IDENTIFIER
- control field: JO-AjAnu
005 - DATE AND TIME OF LATEST TRANSACTION
- control field: 20230606082540.0
008 - FIXED-LENGTH DATA ELEMENTS
- fixed length control field: 230606|| aca||aabn | a|a d
040 ## - CATALOGING SOURCE
- Original cataloging agency: JO-AjAnu
- Transcribing agency: JO-AjAnu
150 ## - HEADING--TOPICAL TERM
- Topical term or geographic name entry element: ادارة الاعمال - التنظيم الاداري
670 ## - SOURCE DATA FOUND
- Source citation: Work cat.: (JO-AjAnu)26566: مؤتمر منظمات متميزة في بيئة متجددة (2011 : جامعة جدارا، الأردن), author 51979, استراتيجيات التميز في المنظمات في بيئة متجددة : بحوث وأوراق عمل مؤتمر منظمات متميزة في بيئة متجددة